00985nam a22002415i 4500001000700000003000900007005001700016008004100033020002200074080004300096100003500139245011700174250001200291260005000303300003000353490003200383650005200415700003100467830003700498852006600535999001900601952012300620178169ES-MaACL20250901051822.0110520s1977 sp a |||| | spa d a978-84-400-3279-9 a308-055.2-058.64(460)"1939/75":343.8111 aFalcón, Lidia,d1935-94870710aEn el infierno b: ser mujer en las cárceles de España / cLidia Falcón ; ilustraciones, Mercedes de Blas. a1ª ed. aBarcelona : bEdiciones de Feminismo, c1977. a234 p. : bil. ; c17 cm.1 aColección feminismo ; v107aMujeres presas políticas-zEspaña291713971 aBlas, Mercedes de.914664010aColección feminismov19224256 aES-MaACLjE-15183 z- Dedicatoria autógrafa de la autora c178169d178169 00104070aATENEOMbATENEOMcDEPO2d2011-05-20eDONl0oE-15183p1187163r2023-02-23 00:00:00w2023-02-23yMONOGRAFIA